Name the Hoenn Pokémon in Order - Statistics

General Stats
  • This quiz has been taken 173 times
  • The average score is 89 of 135
Answer Stats
Number Pokémon % Correct
#253 Grovyle
100%
#252 Treecko
100%
#257 Blaziken
97%
#256 Combusken
97%
#254 Sceptile
97%
#255 Torchic
97%
#259 Marshtomp
95%
#258 Mudkip
95%
#260 Swampert
95%
#262 Mightyena
92%
#261 Poochyena
92%
#264 Linoone
89%
#263 Zigzagoon
89%
#267 Beautifly
84%
#268 Cascoon
84%
#269 Dustox
84%
#266 Silcoon
84%
#265 Wurmple
84%
#282 Gardevoir
81%
#281 Kirlia
81%
#271 Lombre
81%
#270 Lotad
81%
#272 Ludicolo
81%
#274 Nuzleaf
81%
#279 Pelipper
81%
#280 Ralts
81%
#273 Seedot
81%
#275 Shiftry
81%
#277 Swellow
81%
#276 Taillow
81%
#278 Wingull
81%
#298 Azurill
78%
#286 Breloom
78%
#295 Exploud
78%
#297 Hariyama
78%
#294 Loudred
78%
#296 Makuhita
78%
#284 Masquerain
78%
#290 Nincada
78%
#291 Ninjask
78%
#299 Nosepass
78%
#292 Shedinja
78%
#285 Shroomish
78%
#289 Slaking
78%
#287 Slakoth
78%
#283 Surskit
78%
#288 Vigoroth
78%
#293 Whismur
78%
#301 Delcatty
76%
#300 Skitty
76%
#303 Mawile
73%
#302 Sableye
73%
#306 Aggron
70%
#304 Aron
70%
#309 Electrike
70%
#314 Illumise
70%
#305 Lairon
70%
#310 Manectric
70%
#308 Medicham
70%
#307 Meditite
70%
#312 Minun
70%
#311 Plusle
70%
#313 Volbeat
70%
#315 Roselia
65%
#323 Camerupt
59%
#318 Carvanha
59%
#326 Grumpig
59%
#316 Gulpin
59%
#322 Numel
59%
#319 Sharpedo
59%
#327 Spinda
59%
#325 Spoink
59%
#317 Swalot
59%
#324 Torkoal
59%
#328 Trapinch
59%
#329 Vibrava
59%
#320 Wailmer
59%
#321 Wailord
59%
#331 Cacnea
57%
#332 Cacturne
57%
#330 Flygon
57%
#374 Beldum
54%
#366 Clamperl
54%
#362 Glalie
54%
#368 Gorebyss
54%
#367 Huntail
54%
#376 Metagross
54%
#375 Metang
54%
#364 Sealeo
54%
#361 Snorunt
54%
#363 Spheal
54%
#365 Walrein
54%
#334 Altaria
51%
#371 Bagon
51%
#386 Deoxys
51%
#383 Groudon
51%
#385 Jirachi
51%
#382 Kyogre
51%
#337 Lunatone
51%
#370 Luvdisc
51%
#384 Rayquaza
51%
#378 Regice
51%
#377 Regirock
51%
#369 Relicanth
51%
#373 Salamence
51%
#372 Shelgon
51%
#338 Solrock
51%
#333 Swablu
51%
#354 Banette
49%
#339 Barboach
49%
#341 Corphish
49%
#342 Crawdaunt
49%
#356 Dusclops
49%
#355 Duskull
49%
#380 Latias
49%
#381 Latios
49%
#379 Registeel
49%
#336 Seviper
49%
#353 Shuppet
49%
#340 Whiscash
49%
#335 Zangoose
49%
#347 Anorith
46%
#348 Armaldo
46%
#343 Baltoy
46%
#351 Castform
46%
#344 Claydol
46%
#346 Cradily
46%
#349 Feebas
46%
#352 Kecleon
46%
#345 Lileep
46%
#350 Milotic
46%
#359 Absol
43%
#357 Tropius
43%
#360 Wynaut
43%
#358 Chimecho
41%
No matching quizzes found
Score Distribution
Percent of People with Each Score
Percentile by Number Answered
Your Score History
You have not taken this quiz